Library Banner

Mualim ul manhaj ul Islami/ (Record no. 94423)

MARC details
000 -LEADER
fixed length control field 00454nam a22001577a 4500
005 - DATE AND TIME OF LATEST TRANSACTION
control field 20170606120046.0
008 - FIXED-LENGTH DATA ELEMENTS--GENERAL INFORMATION
fixed length control field 170606b xxu||||| |||| 00| 0 eng d
020 ## - INTERNATIONAL STANDARD BOOK NUMBER
International Standard Book Number 9773426297
040 ## - CATALOGING SOURCE
Transcribing agency PK-LaUMT
082 ## - DEWEY DECIMAL CLASSIFICATION NUMBER
Classification number ZIAC 297.01
Item number MUH-M
100 ## - MAIN ENTRY--PERSONAL NAME
Personal name Muhammad Ammarah
245 ## - TITLE STATEMENT
Title Mualim ul manhaj ul Islami/
Statement of responsibility, etc Muhammad Ammarah
260 ## - PUBLICATION, DISTRIBUTION, ETC. (IMPRINT)
Place of publication, distribution, etc بیروت:
Name of publisher, distributor, etc المعھد العالمی للفکر الاسلامی،
Date of publication, distribution, etc 2008
300 ## - PHYSICAL DESCRIPTION
Extent 269 ص
942 ## - ADDED ENTRY ELEMENTS (KOHA)
Koha item type Books
Holdings
Withdrawn status Lost status Damaged status Home library Current library Date acquired Full call number Barcode Date last seen Price effective from Koha item type
      UMT Main Campus UMT Main Campus 2017-06-06 ZIAC 297.01 MUH-M 109552 2017-06-06 2017-06-06 Books